100 Biggest Cities of Taiwan on a Map - Statistics

General Stats
  • This quiz has been taken 152 times
  • The average score is 19 of 100
Answers on the Map
Answers color-coded by a green-red scale on the quiz's map according to % correct below.
 
Answer Stats
Population City % Correct
2,594,581 Taipei
100%
4,365,947 New Taipei
83%
3,033,840 Taichung
76%
1,875,076 Tainan
76%
2,734,275 Kaohsiung
74%
2,441,064 Taoyuan
63%
367,264 Keelung
56%
499,468 Hsinchu
52%
88,212 Hualien
50%
106,840 Taitung
48%
252,028 Chiayi
44%
96,098 Yilan
40%
205,388 Pingtung
36%
89,446 Miaoli
35%
220,172 Changhua
34%
101,761 Nantou
29%
223,017 Zhubei
28%
115,083 Douliu
25%
98,406 Zhunan
24%
54,952 Magong
23%
41,302 Yuanli
23%
60,846 Luodong
22%
26,466 Hengchun
21%
70,501 Puli
21%
106,523 Toufen
21%
106,287 Zhudong
21%
19,686 Jincheng
20%
92,795 Caotun
19%
99,774 Hukou
19%
113,411 Yuanlin
18%
22,556 Yuli
18%
33,718 Jiaoxi
17%
37,682 Su'ao
16%
42,325 Donggang
14%
33,300 Beigang
13%
55,109 Chaozhou
13%
21,292 Fangliao
13%
33,874 Houlong
13%
82,246 Ji'an
13%
85,391 Minxiong
13%
65,910 Xinfeng
13%
41,487 Dounan
12%
29,693 Guanxi
12%
90,069 Lugang
12%
36,368 Taibao
12%
25,378 Toucheng
12%
25,236 Xincheng
12%
93,165 Hemei
11%
77,513 Huwei
11%
41,071 Puzi
11%
24,692 Shoufeng
11%
37,573 Dalin
10%
52,046 Dongshan
10%
27,644 Gongguan
10%
61,532 Neipu
10%
52,011 Shuishang
10%
34,903 Tianzhong
10%
25,915 Tongxiao
10%
46,732 Wandan
10%
47,039 Xihu
10%
36,085 Xinpu
10%
19,410 Baoshan
9%
36,134 Mailiao
9%
44,083 Zhushan
9%
43,652 Erlin
8%
21,321 Fenyuan
8%
45,420 Huatan
8%
32,602 Puxin
8%
22,154 Qionglin
8%
39,141 Wujie
8%
37,181 Xiluo
8%
32,589 Beidou
7%
42,858 Dacun
7%
21,558 Erlun
7%
27,103 Fangyuan
7%
44,836 Fuxing
7%
26,217 Gukeng
7%
19,576 Jiuru
7%
20,250 Ligang
7%
30,749 Mingjian
7%
28,586 Puyan
7%
26,466 Sanxing
7%
36,187 Shengang
7%
36,565 Shetou
7%
24,848 Tianwei
7%
25,781 Tuku
7%
25,409 Xingang
7%
30,983 Xinyuan
7%
24,017 Yanpu
7%
19,764 Yuanchang
7%
31,218 Yuanshan
7%
43,307 Zhongpu
7%
22,172 Zhuangwei
7%
24,977 Zhuqi
7%
24,998 Cihtong
6%
27,298 Pitou
6%
25,772 Xizhou
6%
27,570 Changzhi
5%
31,360 Yongjing
5%
37,325 Xioushui
4%
No matching quizzes found
Score Distribution
Percent of People with Each Score
Percentile by Number Answered
Your Score History
You have not taken this quiz